Normal view
MARC view
- JUDD, C. H,RUSSELL, J. D
Entry Personal Name
001 - CONTROL NUMBER
- control field: 60296
003 - CONTROL NUMBER IDENTIFIER
- control field: NUST
005 - DATE AND TIME OF LATEST TRANSACTION
- control field: 20210628202522.0
008 - FIXED-LENGTH DATA ELEMENTS
- fixed length control field: 210628|| aca||aabn | a|a d
040 ## - CATALOGING SOURCE
- Original cataloging agency: NUST
- Transcribing agency: NUST
100 ## - HEADING--PERSONAL NAME
- Personal name: JUDD, C. H,RUSSELL, J. D
670 ## - SOURCE DATA FOUND
- Source citation: Work cat.: (NUST): JUDD, C. H,RUSSELL, J. D, THE AMERICAN EDUCATIONAL SYSTEM AN INTRODUCTION TO EDUCATION, 1940
